[Event "MCRE_PF16"]
[Site "?"]
[Date "2004.??.??"]
[Round "?"]
[White "Svrsek, Radomir"]
[Black "Valak, Alois"]
[Result "1/2-1/2"]
[WhiteElo "2190"]
[BlackElo "2251"]
[PlyCount "77"]
[EventDate "2004.??.??"]
[EventType "corr"]
[EventRounds "2"]
[SourceDate "2005.03.12"]

1. e4 c5 2. Nf3 e6 3. Nc3 Nc6 4. d4 cxd4 5. Nxd4 Qc7 6. Ndb5 Qb8 7. Be3 a6 8.
Bb6 axb5 9. Nxb5 Bb4+ 10. c3 Ba5 11. Nc7+ Qxc7 12. Bxc7 Bxc7 13. Qg4 g6 14. Bd3
Ne5 15. Qe2 Nxd3+ 16. Qxd3 Ne7 17. Qc4 Nc6 18. O-O O-O 19. f4 b5 20. Qd3 Rd8
21. a3 Ba6 22. Qe3 Rab8 23. Qe2 d5 24. f5 dxe4 25. Qxe4 Ne5 26. fxe6 fxe6 27.
Rad1 Rxd1 28. Rxd1 Bb7 29. Qe3 Bd5 30. Rxd5 exd5 31. Kf1 Bd6 32. Qd4 Kf7 33.
Qxd5+ Ke7 34. Ke2 Kd7 35. h4 h5 36. Kd2 Kc7 37. Kc2 Rb6 38. b4 Rb8 39. Kb3
1/2-1/2

[Event "MCRE_PF16"]
[Site "?"]
[Date "2004.??.??"]
[Round "?"]
[White "Valak, Alois"]
[Black "Blazek, Jaroslav"]
[Result "1-0"]
[WhiteElo "2251"]
[BlackElo "2205"]
[PlyCount "49"]
[EventDate "2004.??.??"]
[EventType "corr"]
[EventRounds "2"]
[SourceDate "2005.03.12"]

1. e4 c5 2. Nf3 Nc6 3. d4 cxd4 4. Nxd4 e6 5. Nc3 a6 6. Nxc6 bxc6 7. Bd3 d5 8.
O-O Qc7 9. Qe2 d4 10. Nb1 Bd6 11. f4 e5 12. Nd2 Nf6 13. Nc4 O-O 14. fxe5 Bxe5
15. Nxe5 Qxe5 16. Bf4 Qc5 17. Qe1 Re8 18. e5 Nd5 19. Qh4 g6 20. Rae1 Nxf4 21.
Rxf4 Rxe5 22. Qd8+ Qf8 23. Qxf8+ Kxf8 24. Rxe5 Be6 25. Rxe6 1-0

[Event "MCRE_PF16"]
[Site "?"]
[Date "2004.??.??"]
[Round "?"]
[White "Valak, Alois"]
[Black "Doubek, Svatopluk"]
[Result "1-0"]
[WhiteElo "2251"]
[BlackElo "2264"]
[PlyCount "87"]
[EventDate "2004.??.??"]
[EventType "corr"]
[EventRounds "2"]
[SourceDate "2005.03.12"]

1. e4 e5 2. Nf3 Nc6 3. Bb5 a6 4. Ba4 Nf6 5. O-O Be7 6. Re1 b5 7. Bb3 d6 8. c3
O-O 9. h3 Na5 10. Bc2 c5 11. d4 cxd4 12. cxd4 Bb7 13. d5 Rc8 14. b3 Qc7 15. Bd3
Nd7 16. Bd2 f5 17. a3 Nxb3 18. Qxb3 Nc5 19. Qc2 Nxe4 20. Qxc7 Rxc7 21. Ba5 Rcc8
22. Bxe4 fxe4 23. Nfd2 Rc2 24. Rd1 e3 25. fxe3 Bg5 26. Nf1 Bxd5 27. Nbd2 Kf7
28. e4 Bb7 29. Bb4 Rd8 30. Nf3 Bf6 31. Ne3 Re2 32. Nf5 Bxe4 33. Nxd6+ Ke6 34.
Nxe4 Rxe4 35. Rxd8 Bxd8 36. Rd1 Be7 37. Kf2 h6 38. Bxe7 Kxe7 39. Rd3 Ke6 40.
Nd2 Rd4 41. Rxd4 exd4 42. Ke2 Kf5 43. g3 g5 44. Kd3 1-0

[Event "MCRE_PF16"]
[Site "?"]
[Date "2004.??.??"]
[Round "?"]
[White "Valak, Alois"]
[Black "Havlik, Lumir"]
[Result "1-0"]
[WhiteElo "2251"]
[BlackElo "2081"]
[PlyCount "125"]
[EventDate "2004.??.??"]
[EventType "corr"]
[EventRounds "2"]
[SourceDate "2005.03.12"]

1. e4 e5 2. Nf3 Nc6 3. Bb5 Nf6 4. O-O Nxe4 5. Re1 Nd6 6. Nxe5 Be7 7. Bf1 Nxe5
8. Rxe5 O-O 9. d4 Bf6 10. Re1 Re8 11. c3 Nf5 12. Rxe8+ Qxe8 13. Bd3 d5 14. Bf4
c6 15. Nd2 Nh4 16. Qc2 h6 17. Nf1 Be6 18. Ne3 Qd7 19. Re1 Re8 20. Qd1 Bf5 21.
Nxf5 Rxe1+ 22. Qxe1 Nxf5 23. h3 Ne7 24. Qe2 Ng6 25. Be3 Nf8 26. Qf3 Bd8 27. a3
a6 28. g3 Qe6 29. Kg2 Qf6 30. Qxf6 Bxf6 31. a4 Bd8 32. f4 a5 33. f5 Nd7 34. Bf4
Kf8 35. Kf3 Ke8 36. g4 Bh4 37. Bc7 b6 38. b3 Bd8 39. Bg3 h5 40. gxh5 Nf6 41.
Be5 Nxh5 42. b4 axb4 43. cxb4 Nf6 44. b5 cxb5 45. Bxb5+ Kf8 46. Bf4 Ke7 47. h4
Ne4 48. Bc6 Nf6 49. Be5 g6 50. Kf4 Nh5+ 51. Kg4 Nf6+ 52. Kg5 Ne4+ 53. Kf4 Nf6
54. Kg5 Ne4+ 55. Kh6 gxf5 56. Kg7 Ke6 57. h5 Nf6 58. h6 Nh5+ 59. Kf8 Be7+ 60.
Kg8 Nf6+ 61. Kg7 Nh5+ 62. Kh8 f4 63. h7 1-0

[Event "MCRE_PF16"]
[Site "?"]
[Date "2004.??.??"]
[Round "?"]
[White "Valak, Alois"]
[Black "Houska, Jiri"]
[Result "1-0"]
[WhiteElo "2251"]
[BlackElo "2200"]
[PlyCount "47"]
[EventDate "2004.??.??"]
[EventType "corr"]
[EventRounds "2"]
[SourceDate "2005.03.12"]

1. e4 c5 2. Nf3 d6 3. d4 cxd4 4. Nxd4 Nf6 5. Nc3 a6 6. Be3 e6 7. f3 b5 8. g4 h6
9. Qd2 Nbd7 10. O-O-O Bb7 11. h4 b4 12. Na4 d5 13. Bh3 g5 14. hxg5 hxg5 15. e5
Nxe5 16. Bxg5 Rg8 17. Rde1 Bd6 18. Nc5 Bc8 19. Bf1 Nexg4 20. Nd3 Qa5 21. Bg2
Qxa2 22. Nb3 a5 23. fxg4 a4 24. Qf2 1-0

[Event "MCRE_PF16"]
[Site "?"]
[Date "2004.??.??"]
[Round "?"]
[White "Valak, Alois"]
[Black "Lasek, Milos"]
[Result "1-0"]
[WhiteElo "2251"]
[BlackElo "2280"]
[PlyCount "77"]
[EventDate "2004.??.??"]
[EventType "corr"]
[EventRounds "2"]
[SourceDate "2005.03.12"]

1. d4 Nf6 2. c4 e6 3. Nf3 b6 4. e3 Bb7 5. Bd3 d5 6. cxd5 exd5 7. Nc3 Bd6 8. O-O
O-O 9. b3 Re8 10. Bb2 Nbd7 11. Nb5 Be7 12. Qc2 c6 13. Nc3 Bd6 14. Rfe1 Rc8 15.
Rac1 c5 16. Bf5 cxd4 17. Nxd4 g6 18. Bxd7 Qxd7 19. Qd3 Ne4 20. Nf3 Qf5 21. Nxe4
Qxe4 22. Qb5 Rxc1 23. Rxc1 Rc8 24. Rxc8+ Bxc8 25. Bc3 Bf8 26. Qc6 Be6 27. Qc7
Bg4 28. Qd8 Bxf3 29. gxf3 Qe7 30. Qxd5 Bg7 31. Qa8+ Bf8 32. a4 h6 33. Kg2 Kh7
34. Qe4 f6 35. b4 Kg7 36. Qa8 Kf7 37. b5 h5 38. h4 Kg7 39. Bd4 1-0

[Event "MCRE_PF16"]
[Site "?"]
[Date "2004.??.??"]
[Round "?"]
[White "Valak, Alois"]
[Black "Postl, Rostislav"]
[Result "1-0"]
[WhiteElo "2251"]
[BlackElo "2297"]
[PlyCount "177"]
[EventDate "2004.??.??"]
[EventType "corr"]
[EventRounds "2"]
[SourceDate "2005.03.12"]

1. e4 e5 2. Nf3 Nc6 3. Bb5 a6 4. Ba4 Nf6 5. O-O Be7 6. Re1 b5 7. Bb3 d6 8. c3
O-O 9. h3 Na5 10. Bc2 c5 11. d4 Qc7 12. Nbd2 cxd4 13. cxd4 Bb7 14. d5 Rac8 15.
Bd3 Nd7 16. Nf1 f5 17. Ng3 f4 18. Nf5 Rxf5 19. exf5 Nf6 20. Ng5 Qd7 21. Qd2 Nc4
22. Qe2 Bd8 23. b3 Nb6 24. Bb2 Nbxd5 25. Rac1 Nb4 26. Bb1 Nbd5 27. Ne4 Be7 28.
a4 Bc6 29. Bd3 Rb8 30. Ba3 Ba8 31. axb5 axb5 32. Bb2 Bc6 33. Qd2 Ra8 34. Rc2
Ra2 35. Rec1 Ra6 36. Ba3 f3 37. g3 h6 38. Kh2 Nc7 39. Nxf6+ Bxf6 40. Qb4 Ne8
41. Rxc6 Rxc6 42. Rxc6 Qxc6 43. Bxb5 Qc2 44. Qc4+ Qxc4 45. bxc4 Kf8 46. Bc6 Bd8
47. Bxf3 Ke7 48. Bc6 Nf6 49. g4 Ba5 50. Kg3 Bd2 51. h4 Bf4+ 52. Kf3 Bd2 53. Ke2
Bf4 54. f3 Bg3 55. h5 Nh7 56. Bb4 Ng5 57. Ke3 Bh4 58. Ba8 Kd7 59. Bb7 Bg3 60.
Kd3 Ke7 61. Bd2 Bh4 62. Bc3 Bg3 63. Bc6 Nh7 64. Ke4 Kf7 65. Bd2 Ng5+ 66. Kd3
Nh3 67. Kc3 Nf4 68. Kb4 Ne2 69. Kb5 Nd4+ 70. Kb6 Ke7 71. Kb7 Bf4 72. Ba5 Nb3
73. Bb6 Nd4 74. Kc7 Bd2 75. Be4 Bg5 76. Kc8 Ke8 77. Bc7 Be7 78. f6 gxf6 79.
Bg6+ Kf8 80. Kd7 Nxf3 81. Bxd6 Bxd6 82. Kxd6 Nd4 83. c5 Kg7 84. Ke7 Nb5 85. Be4
Nc7 86. Bd3 Nd5+ 87. Kd6 Nb4 88. c6 Nxc6 89. Kxc6 1-0

[Event "MCRE_PF16"]
[Site "?"]
[Date "2004.??.??"]
[Round "?"]
[White "Valak, Alois"]
[Black "Svrsek, Radomir"]
[Result "1-0"]
[WhiteElo "2251"]
[BlackElo "2190"]
[PlyCount "85"]
[EventDate "2004.??.??"]
[EventType "corr"]
[EventRounds "2"]
[SourceDate "2005.03.12"]

1. e4 c6 2. d4 d5 3. Nc3 dxe4 4. Nxe4 Nd7 5. Ng5 Ngf6 6. Bd3 e6 7. N1f3 h6 8.
Nxe6 Qe7 9. O-O fxe6 10. Bg6+ Kd8 11. Re1 Ne8 12. c4 Qf6 13. Ne5 Nd6 14. Qh5
Be7 15. c5 Rf8 16. Ng4 Qxd4 17. cxd6 Bxd6 18. Be3 Qd5 19. Qh4+ Be7 20. Qg3 Bd6
21. f4 Qc4 22. b3 Qb5 23. Red1 Bc5 24. Rac1 Ba3 25. Rc4 Kc7 26. f5+ e5 27. Rcd4
b6 28. Bf2 Bb2 29. R4d2 Ba3 30. Rxd7+ Bxd7 31. Nxe5 Rad8 32. Nxd7+ Kb7 33. Qf3
Rh8 34. Be1 Bc5+ 35. Kh1 Ba3 36. Bc3 Kc7 37. Be5+ Kc8 38. f6 gxf6 39. Bd3 Rxd7
40. Bxb5 Rxd1+ 41. Qxd1 fxe5 42. Qg4+ Kb8 43. Bxc6 1-0